000 00413nam a2200145Ia 4500
008 230917s9999||||xx |||||||||||||| ||und||
040 _e208737
_aMAIN
041 _aEnglish
082 _a658.05436 S62M
100 _aSiegel, Joel
245 0 _aManager's handbook of Client/Server computing in business and finance
260 _aNew Delhi
_bVikas Publishing House
_c2003
300 _axiii, 366 p.
942 _cBK
999 _c134676
_d134676